|
|
|
|
| LEADER |
00000cam a2200000 7i4500 |
| 001 |
0000001511 |
| 005 |
20010724.0 |
| 090 |
0 |
0 |
|a 621.93
|b SAW 1989
|
| 245 |
0 |
0 |
|a SAWMILL productivity improvement : sawdoctoring
|
| 260 |
0 |
0 |
|a Kuala Lumpur :
|b Food and Agriculture Organization of the United Nations ,
|c 1989
|
| 300 |
|
|
|a 48 p. :
|b ill. ;
|c 30 cm.
|
| 440 |
0 |
0 |
|a APFIDG extension leaflet ; n. 5
|
| 500 |
0 |
0 |
|a Bibliography : p. 48
|
| 650 |
0 |
0 |
|a Saws
|
| 710 |
1 |
1 |
|a Asia Pacific Forest Industries Development Group
|
| 710 |
1 |
1 |
|a Food and Agriculture Organization of the United Nations (FAO)
|
| 998 |
|
|
|a JPSM
|
| 999 |
|
|
|a 0000003615
|b Monograph
|c Food and Agriculture Organization
|e Default branch
|